000 00363cam a22001097a 4500
008 180718b1967 xxu||||| |||| 00| 0 eng d
082 _aK8501mx5442 B639Pr/1967
245 _aProvident fund rules
_cby Municipal Corporation of Greater Bombay
260 _aBombay
_bMunicipal Printing Press
_c1967
300 _a41+p.
700 _aMunicipal Corporation of Greater Bombay
999 _c500215
_d500215